Test de Rapidité - Lettre "L" - Statistiques

Statistiques générales
  • Ce quiz a été pris 761 fois
  • Le résultat moyen est 92 sur 100
Statistiques - réponses
Lettre "L" % Correct
L
100%
L
100%
L
99%
L
99%
L
99%
L
99%
L
98%
L
98%
L
98%
L
98%
L
98%
L
98%
L
98%
L
97%
L
97%
L
97%
L
97%
L
97%
L
97%
L
97%
L
97%
L
97%
L
97%
L
97%
L
97%
L
97%
L
96%
L
96%
L
96%
L
96%
L
96%
L
96%
L
95%
L
95%
L
95%
L
95%
L
95%
L
95%
L
95%
L
95%
L
95%
L
95%
L
95%
L
95%
L
95%
L
95%
L
95%
L
95%
L
95%
L
95%
L
95%
L
95%
L
95%
L
95%
L
94%
L
94%
L
94%
L
93%
L
93%
L
93%
L
93%
L
93%
L
93%
L
93%
L
93%
L
93%
L
92%
L
92%
L
92%
L
92%
L
91%
L
91%
L
90%
L
90%
L
90%
L
89%
L
89%
L
89%
L
88%
L
88%
L
88%
L
88%
L
87%
L
87%
L
86%
L
84%
L
84%
L
83%
L
82%
L
81%
L
80%
L
78%
L
78%
L
77%
L
77%
L
76%
L
75%
L
74%
L
72%
L
70%
Aucun quiz correspondant
Distribution des résultats
% des personnes avec chaque résultat
Percentile par nombre de réponses
Votre historique - résultats
Vous n’avez pas pris ce quiz